000 00296nam a22001337a 4500
008 170712b xxu||||| |||| 00| 0 eng d
020 _a615269939215
041 _aeng
080 _a038
100 _a23
101 _aFJA
245 _aWEBSTER STANDARD DICTIONARY
_cTRIEND.M
942 _2udc
_cBK
999 _c20374
_d20374